kku e-library facility

C++: How to program (Record no. 123)

MARC details
000 -LEADER
fixed length control field 00407nam a22001457a 4500
005 - DATE AND TIME OF LATEST TRANSACTION
control field 20260116095555.0
008 - FIXED-LENGTH DATA ELEMENTS--GENERAL INFORMATION
fixed length control field 260116b |||||||| |||| 00| 0 eng d
020 ## - INTERNATIONAL STANDARD BOOK NUMBER
International Standard Book Number 9780132465403
100 ## - MAIN ENTRY--PERSONAL NAME
Personal name Deitel. J Paul & Deitel M Harvey
245 ## - TITLE STATEMENT
Title C++: How to program
Statement of responsibility, etc. / Paul. J Deitel
250 ## - EDITION STATEMENT
Edition statement 7th ed
260 ## - PUBLICATION, DISTRIBUTION, ETC.
Place of publication, distribution, etc. New Jersey;
Name of publisher, distributor, etc. Pearson Education, Inc.;
Date of publication, distribution, etc. 2010.
300 ## - PHYSICAL DESCRIPTION
Extent 1104p.;
Dimensions 23cm
942 ## - ADDED ENTRY ELEMENTS (KOHA)
Source of classification or shelving scheme Library of Congress Classification
Koha item type Books
Suppress in OPAC No

No items available.

©2025 All rights reserved. KKU